Методика проведения упражнений по физике во ВТУЗЕ: учебное пособие для втузов

Библиографические подробности
Главный автор: Новодворская Е. М. Елизавета Марковна
Язык:русский
Опубликовано: Москва, Высшая школа, 1970
Издание:Изд. 2-е, доп.
Предметы:
Формат: MixedMaterials Книга
Запись в KOHA:https://koha.lib.tpu.ru/cgi-bin/koha/opac-detail.pl?biblionumber=74887

MARC

LEADER 00000nam0a2200000 4500
001 74887
005 20231101212802.0
035 |a (RuTPU)RU\TPU\book\79864 
090 |a 74887 
100 |a 20050315d1970 m y0rusy50 ca 
101 0 |a rus 
102 |a RU 
105 |a a j 001zy 
200 1 |a Методика проведения упражнений по физике во ВТУЗЕ  |e учебное пособие для втузов  |f Е. М. Новодворская 
205 |a Изд. 2-е, доп. 
210 |a Москва  |c Высшая школа  |d 1970 
215 |a 336 с.  |c ил.  |e черт. 
606 1 |a Физика  |2 stltpush  |3 (RuTPU)RU\TPU\subj\63709  |9 80688 
610 1 |a задачи 
610 1 |a решения 
610 1 |a методика 
610 1 |a учебные пособия 
675 |a 53(076)  |v 3 
700 1 |a Новодворская  |b Е. М.  |g Елизавета Марковна 
801 1 |a RU  |b 63413507  |c 20050315  |g PSBO 
801 2 |a RU  |b 63413507  |c 20140311  |g PSBO 
942 |c BK